00827nam a22002297a 450000500170000000800410001702000180005802000180007604000810009404100080017510000220018324501020020525000100030726000440031730000230036150400530038465000290043765000450046665000410051170000240055270000210057620170113094742.0130821s2008 enk grdd eng  a9780415774369 a9780415774376 aCO-BoUCMbspacSandra Palacio (modificó)dAldemar Mondragón (modificó)00aeng1 aGriffiths, Martin10aInternational relations the key conceptscMartin Griffiths, Terry O´Callaghan y Steven C. Roach a2a ed aAbingdon (Reino Unido)bRoutledgec2008 axvi; 407 páginas aIncluye referencias bibliográficas e índices 7aPolítica internacional 7aRelaciones internacionalesvDiccionarios 7aRelaciones internacionalesvManuales1 aO´Callaghan, Terry1 aRoach, Steven C.